000 00334nam a2200133Ia 4500
008 240624s9999 xx 000 0 und d
041 _aeng
082 _a823 ZAF
100 _aZAFON CARLOS RUIZ
245 _aPRISONER OF HEAVEN
260 _c2012
_aLondon
_bWeidenfeld and Nicolson
300 _a278 : p. : cm. ; 23
365 _cRS
_b30
999 _c19788
_d19788